=LDR 00000nam 2200000 4500 =001 INLIS000000000027071 =005 20210506105545 =035 ##$$a 0010-061300000027071 =008 210506################g##########0#ind## =041 ##$$a Ind =082 ##$$a 338.479 1 =090 ##$$a 338.479 1, Yut p =100 1#$$a Yuti, H. Oka A =245 1#$$a Perencanaan strategis pemasaran daerah tujuan wisata. /$c H. Oka A. Yuti =260 ##$$a Jakarta :$b Pradnya Paramita,$c 2002 =300 ##$$a xv, 209 hlm : $b Ilus ; $c 24 x 15 cm =650 #4$$a Parawisata, pemasaran =850 ##$$a NBPNMAT =020 ##$$a 979-408-478-6 =084 ##$$a 338.479 1 YUT p =250 ##$$a cet.1 =990 ##$$a 20703136 =990 ##$$a 20703139 =990 ##$$a 20703137 =990 ##$$a 20703138 =990 ##$$a 20703140